000 00471nam a2200169Ia 4500
999 _c5708
_d5708
003 OSt
005 20200120142600.0
008 190216s9999||||xx |||||||||||||| ||und||
020 _a81749336068
040 _coclc
082 _a651.3
_bCHO/O
100 _aChopra, R K
_91354
245 0 _aOffice Management /
_cR K Chopra
260 _bHimalaya Publishing House,
_c1999.
_aMumbai:
300 _a712p
942 _cBK
_2ddc
_h651.3
_iCHO/O
_k651.3
_mCHO/O